Houston Rockets Players by NBA Game Played - Statistics

General Stats
  • This quiz has been taken 11 times
  • The average score is 1114 of 4817
Answer Stats
Player Games % Correct
Hakeem Olajuwon 1177
90%
Alperen Şengün 358
80%
Gerald Green 115
80%
Ish Smith 28
80%
Jabari Smith Jr. 289
80%
Jalen Green 307
80%
Jeff Green 158
80%
Johnny Green 42
80%
Kenny Smith 468
80%
Kevin Durant 78
80%
Yao Ming 486
80%
Bingo Smith 75
70%
Clint Capela 409
70%
Clyde Drexler 219
70%
Don Adams 85
70%
Dorian Finney-Smith 37
70%
Greg Smith 89
70%
James Harden 621
70%
Josh Smith 78
70%
Larry Smith 200
70%
Steven Adams 90
70%
Tracy McGrady 303
70%
Avery Johnson 49
60%
Buck Johnson 432
60%
Charles Barkley 183
60%
Eddie Johnson 102
60%
Frank Johnson 67
60%
George Johnson 45
60%
Joe Johnson 23
60%
John Johnson 147
60%
Lee Johnson 10
60%
Nick Johnson 28
60%
P.J. Tucker 268
60%
Russell Westbrook 57
60%
Amen Thompson 210
50%
Art Williams 238
50%
Bernard Thompson 23
50%
Bernie Williams 128
50%
Bobby Brown 45
50%
Bobby Jones 4
50%
Caldwell Jones 163
50%
Charles Jones 85
50%
Chucky Brown 123
50%
Dwight Jones 258
50%
Emanual Davis 58
50%
Eric Gordon 379
50%
Fred VanVleet 133
50%
Jim Davis 12
50%
Josh Davis 1
50%
Justin Williams 1
50%
Lou Williams 23
50%
Major Jones 327
50%
Markel Brown 4
50%
Mason Jones 26
50%
Michael Carter-Williams 16
50%
Moses Malone 464
50%
Nate Williams 42
50%
Nick Jones 42
50%
Robin Jones 12
50%
Sterling Brown 51
50%
Terrence Jones 180
50%
Terrence Williams 23
50%
Tierre Brown 40
50%
Tony Brown 14
50%
Trevor Ariza 382
50%
Troy Williams 10
50%
Walt Williams 196
50%
Calvin Murphy 1002
40%
Chris Paul 116
40%
Chuck Hayes 426
40%
Derek Anderson 20
40%
Dillon Brooks 147
40%
Dwight Howard 183
40%
Elvin Hayes 572
40%
James Anderson 29
40%
Kevin Martin 144
40%
KJ Martin 206
40%
Ralph Sampson 305
40%
Richard Anderson 63
40%
Rudy Tomjanovich 768
40%
Ryan Anderson 140
40%
Shandon Anderson 164
40%
Steve Francis 384
40%
Aaron Brooks 297
30%
Armoni Brooks 61
30%
Henry James 7
30%
Jae'Sean Tate 342
30%
James White 4
30%
Jeremy Lin 153
30%
Juwan Howard 221
30%
Luis Scola 386
30%
Mario Elie 344
30%
Mike James 60
30%
Ömer Aşık 130
30%
Reed Sheppard 134
30%
Robert Horry 295
30%
Rudy White 108
30%
Scott Brooks 183
30%
Scottie Pippen 50
30%
Tari Eason 221
30%
William Howard 2
30%
Aaron Jackson 1
20%
Bobby Jackson 26
20%
Brandan Wright 1
20%
Brodric Thomas 4
20%
Chandler Parsons 213
20%
Christian Wood 109
20%
Cuttino Mobley 436
20%
David Wood 82
20%
Demetrius Jackson 12
20%
Dikembe Mutombo 267
20%
Garrett Temple 9
20%
Jaren Jackson 4
20%
Jim Jackson 104
20%
Kenny Thomas 238
20%
Khyri Thomas 5
20%
Mark Jackson 42
20%
Patrick Beverley 291
20%
Sam Cassell 209
20%
Stanley Roberts 6
20%
Tarik Black 76
20%
Anthony Miller 65
10%
Antoine Carr 18
10%
Boban Marjanović 45
10%
Bonzi Wells 79
10%
Brad Miller 60
10%
Brent Barry 56
10%
Brent Price 137
10%
Carlos Delfino 67
10%
Carmelo Anthony 10
10%
Cedric Maxwell 117
10%
Corey Brewer 196
10%
Courtney Lee 139
10%
Donatas Motiejūnas 214
10%
E.C. Coleman 64
10%
Francisco García 87
10%
Gary Clark 69
10%
Gus Bailey 77
10%
Iman Shumpert 20
10%
Isaiah Crawford 14
10%
Isaiah Taylor 4
10%
James Bailey 142
10%
Jeff Taylor 44
10%
Jermaine Taylor 39
10%
John Wall 40
10%
Jon Barry 73
10%
Jordan Hill 127
10%
Josh Christopher 138
10%
Josh Okogie 78
10%
Kelvin Cato 317
10%
Kevin Porter Jr. 146
10%
Kevin Willis 208
10%
Kyle Lowry 218
10%
Larry Robinson 6
10%
Marcus Camby 19
10%
Maurice Taylor 249
10%
Mike Harris 29
10%
Mike Newlin 604
10%
Mitchell Wiggins 258
10%
Nenê 161
10%
N'Faly Dante 4
10%
Otis Thorpe 518
10%
Owen Wells 33
10%
Rafer Alston 267
10%
Rick Barry 152
10%
Ronnie Brewer 23
10%
Ryan Bowen 134
10%
Shane Battier 348
10%
Steve Harris 145
10%
Stromile Swift 66
10%
Thomas Robinson 19
10%
Tom Owens 46
10%
Toney Douglas 49
10%
TyTy Washington Jr. 31
10%
Vernon Maxwell 402
10%
Victor Oladipo 20
10%
Zhou Qi 19
10%
Aaron Holiday 197
0%
Adrian Caldwell 100
0%
Adrian Griffin 19
0%
Alexey Shved 9
0%
Allen Leavell 700
0%
Alonzo Bradley 99
0%
Alton Ford 9
0%
Alvin Heggs 4
0%
Andre Barrett 27
0%
Andre Turner 12
0%
Andrew Goudelock 8
0%
Anthony Bowie 66
0%
Anthony Lamb 24
0%
Austin Rivers 115
0%
Avery Bradley 17
0%
Ben McLemore 103
0%
Bill Curley 4
0%
Bill Willoughby 124
0%
Billy Paultz 240
0%
Bob Sura 61
0%
Boštjan Nachbar 75
0%
Brandin Knight 1
0%
Brandon Knight 12
0%
Brian Cook 24
0%
Briante Weber 13
0%
Bruno Caboclo 14
0%
Bruno Fernando 41
0%
Bryce Drew 106
0%
Bud Acton 23
0%
Byron Dinkins 33
0%
Calvin Garrett 125
0%
Cameron Oliver 4
0%
Cameron Reynolds 2
0%
Cam Whitmore 98
0%
Carl Herrera 260
0%
Carl Landry 163
0%
Carlos Rogers 92
0%
Charles Oakley 7
0%
Charlie Ward 14
0%
Chase Budinger 210
0%
Chinanu Onuaku 6
0%
Chris Chiozza 7
0%
Chris Clemons 33
0%
Chris Jent 3
0%
Chuck Nevitt 52
0%
C.J. Kupec 49
0%
Clarence Weatherspoon 77
0%
Cliff Meely 298
0%
Cole Aldrich 30
0%
Conner Henry 18
0%
Courtney Fortson 6
0%
Craig Ehlo 88
0%
Curtis Perry 43
0%
Daequan Cook 16
0%
Daishen Nix 81
0%
Dan Godfread 1
0%
Daniel Theis 26
0%
Dan Langhi 67
0%
Danuel House Jr. 154
0%
DaQuan Jeffries 13
0%
Darius Days 4
0%
Dave Feitl 114
0%
Dave Gambee 80
0%
Dave Jamerson 85
0%
Dave Wohl 165
0%
David Andersen 63
0%
David Nwaba 76
0%
David Roddy 3
0%
David Wesley 125
0%
DeMarcus Cousins 25
0%
DeMarre Carroll 14
0%
Dennis Schröder 15
0%
Derrick Chievous 122
0%
Devin Gray 21
0%
Dick Cunningham 63
0%
Dick Gibbs 65
0%
Dirk Minniefield 63
0%
D.J. Augustin 54
0%
D.J. Wilson 23
0%
Don Kojis 206
0%
Earl Boykins 8
0%
Earl Cureton 2
0%
Eddie Griffin 150
0%
Ed Ratleff 338
0%
Eldridge Recasner 63
0%
Elmer Bennett 4
0%
Eric McWilliams 44
0%
Eric Piatkowski 49
0%
Eric Riley 47
0%
Frank Kaminsky 10
0%
Garrison Mathews 110
0%
Gerald Henderson 8
0%
Glen Rice 82
0%
Goo Kennedy 32
0%
Goran Dragić 88
0%
Granville Waiters 43
0%
Hank Finkel 88
0%
Hank McDowell 56
0%
Harry Barnes 22
0%
Hasheem Thabeet 7
0%
Hilton Armstrong 9
0%
Isaiah Canaan 48
0%
Isaiah Hartenstein 51
0%
Jack Marin 128
0%
Jack McVeigh 9
0%
Jacky Dorsey 20
0%
Jake Tsakalidis 13
0%
James Ennis III 40
0%
James Nunnally 2
0%
James Posey 58
0%
Jared Jeffries 36
0%
Jason Collier 61
0%
Jason Terry 149
0%
Jawann Oldham 22
0%
JD Davison 28
0%
Jeff Adrien 8
0%
Jermaine Samuels 14
0%
Jim Barnett 207
0%
Jimmy Walker 84
0%
Jim Petersen 293
0%
Jim Ware 30
0%
Jock Landale 98
0%
Joe Barry Carroll 63
0%
Joe Bryant 81
0%
Joe Meriweather 81
0%
Joe Stephens 9
0%
Joey Dorsey 79
0%
John Barnhill 75
0%
John Block 285
0%
John Lucas 325
0%
John Lucas III 60
0%
Johnny Egan 74
0%
John Shumate 29
0%
John Stroud 9
0%
John Trapp 177
0%
John Turner 42
0%
John Vallely 40
0%
Jon McGlocklin 65
0%
Jonny Flynn 11
0%
Jordan Hamilton 21
0%
Josh Powell 1
0%
Juaquin Hawkins 58
0%
Justin Patton 13
0%
Keith Bogans 33
0%
Kelly Olynyk 27
0%
Kennard Winchester 107
0%
Kenneth Faried 25
0%
Kevin Kunnert 341
0%
Kirk Snyder 48
0%
K.J. McDaniels 76
0%
Kostas Papanikolaou 43
0%
Kyle Wiltjer 14
0%
Larry Micheaux 39
0%
Larry Moffett 20
0%
Larry Siegfried 63
0%
Larry Spriggs 4
0%
Lester Conner 52
0%
Lewis Lloyd 297
0%
Lionel Hollins 80
0%
Lonny Baxter 23
0%
Loren Woods 7
0%
Luc Mbah a Moute 64
0%
Luther Head 255
0%
Maciej Lampe 4
0%
Marcus Morris 71
0%
Marcus Thornton 47
0%
Mark Acres 6
0%
Mark Bryant 71
0%
Marquese Chriss 16
0%
Matt Bullard 538
0%
Matt Guokas 39
0%
Matt Maloney 175
0%
McCoy McLemore 17
0%
Melvin Booker 11
0%
Metta World Peace 69
0%
Michael Beasley 20
0%
Michael Dickerson 50
0%
Michael Frazier 13
0%
Mike Dunleavy 280
0%
Mike Wilks 26
0%
Mike Woodson 153
0%
Montrezl Harrell 97
0%
Moochie Norris 341
0%
Nate Hinton 15
0%
Omri Casspi 71
0%
Óscar Torres 65
0%
Othella Harrington 156
0%
Otto Moore 95
0%
Pablo Prigioni 24
0%
Patrick Patterson 163
0%
Pat Riley 172
0%
Paul McCracken 28
0%
Paul Mokeski 12
0%
Pete Chilcutt 142
0%
Phil Bond 7
0%
Phil Ford 106
0%
Phil Hicks 2
0%
Pops Mensah-Bonsu 4
0%
Purvis Short 146
0%
Randy Livingston 64
0%
Ray Spalding 2
0%
Reece Gaines 10
0%
Reggie Bullock 44
0%
Richard Petruška 22
0%
Richie Frahm 8
0%
Rick Adelman 112
0%
Rick Brunson 23
0%
R.J. Hunter 5
0%
Robert Covington 29
0%
Robert Reid 762
0%
Rodions Kurucs 11
0%
Rodney McCray 405
0%
Rodrick Rhodes 61
0%
Rod Strickland 16
0%
Ron Behagen 3
0%
Ron Riley 178
0%
Sam Dekker 80
0%
Sam Mack 108
0%
Samuel Dalembert 65
0%
Scott Machado 6
0%
Scott Padgett 148
0%
Sean Colson 10
0%
Sedale Threatt 21
0%
Sleepy Floyd 439
0%
Slick Watts 61
0%
Stan McKenzie 37
0%
Stephen Graham 6
0%
Steve Hawes 61
0%
Steve Novak 70
0%
Stu Lantz 318
0%
Terence Morris 117
0%
Terry Teagle 143
0%
Thabo Sefolosha 41
0%
Thomas Hamilton 22
0%
Tim Breaux 96
0%
Tim McCormick 99
0%
Tim Ohlbrecht 3
0%
Tim Quarterman 3
0%
Tito Maddox 9
0%
Toby Kimball 314
0%
Tom Barker 5
0%
Tom Henderson 258
0%
Tony Massenburg 10
0%
Torraye Braggs 18
0%
Tracy Moore 35
0%
Tracy Murray 25
0%
Tree Rollins 101
0%
Trevelin Queen 10
0%
Trevor Hudgins 5
0%
Tristen Newton 1
0%
Troy Daniels 22
0%
Ty Lawson 53
0%
Tyler Ennis 31
0%
Tyrone Britt 11
0%
Tyronn Lue 21
0%
Tyson Chandler 26
0%
Usman Garuba 99
0%
Vassilis Spanoulis 31
0%
Vin Baker 3
0%
Vince Edwards 2
0%
Von Wafer 63
0%
Wally Walker 140
0%
Walter Berry 40
0%
Will Conroy 5
0%
Winston Garland 66
0%
World B. Free 58
0%
Zaid Abdul-Aziz 206
0%
Žan Tabak 37
0%
No matching quizzes found
Score Distribution
Percent of People with Each Score
Percentile by Number Answered
Your Score History
You have not taken this quiz